|
|
|
|
| LEADER |
00000nam0a2200000 4500 |
| 001 |
15543 |
| 005 |
20231101205025.0 |
| 035 |
|
|
|a (RuTPU)RU\TPU\book\15653
|
| 035 |
|
|
|a BOOK00000341
|
| 090 |
|
|
|a 15543
|
| 100 |
|
|
|a 20011209d1962 k y0rusy50 ca
|
| 101 |
0 |
|
|a rus
|
| 102 |
|
|
|a RU
|
| 105 |
|
|
|a y z 000zy
|
| 200 |
1 |
|
|a Очерки социально-политической истории Малой Азии в I-III вв.
|e Независимая сельская община
|f Е. С. Голубцова
|
| 210 |
|
|
|a Москва
|c Изд-во АН СССР
|d 1962
|
| 215 |
|
|
|a 196 с.
|
| 606 |
1 |
|
|a Восток Древний
|x История
|2 stltpush
|3 (RuTPU)RU\TPU\subj\58861
|9 76574
|
| 610 |
1 |
|
|a история
|
| 610 |
1 |
|
|a социально-политические отношения
|
| 610 |
1 |
|
|a Малая Азия
|
| 610 |
1 |
|
|a 1 век
|
| 610 |
1 |
|
|a 2 век
|
| 610 |
1 |
|
|a 3 век
|
| 610 |
1 |
|
|a земельная община
|
| 610 |
1 |
|
|a Всеобщая история
|
| 686 |
|
|
|a Т3(0)31
|v LBC/SL-A
|2 rubbk
|
| 700 |
|
1 |
|a Голубцова
|b Е. С.
|g Елена Сергеевна
|
| 801 |
|
0 |
|a RU
|b 63413507
|c 20011209
|g PSBO
|
| 801 |
|
2 |
|a RU
|b 63413507
|c 20230323
|g PSBO
|
| 942 |
|
|
|c BK
|